Diccionario del pensamiento marxista / (Record no. 35264)

MARC details
000 -LEADER
campo de control de longitud fija 00583nam a2200169 i 4500
001 - NÚMERO DE CONTROL
campo de control 35264
003 - IDENTIFICADOR DE NÚMERO DE CONTROL
campo de control ES-MaACL
007 - CAMPO FIJO DE DESCRIPCIÓN FÍSICA--INFORMACIÓN GENERAL
campo de control de longitud fija t|
008 - DATOS DE LONGITUD FIJA--INFORMACIÓN GENERAL
campo de control de longitud fija 030212s1984 sp ||||1| spa d
100 1# - ENTRADA PRINCIPAL--NOMBRE DE PERSONA
Nombre de persona Bottomore, Thomas B.
9 (RLIN) 30808
245 10 - MENCIÓN DEL TÍTULO
Título Diccionario del pensamiento marxista /
Mención de responsabilidad, etc. editado por Tom Bottomore ; con la colaboración de Leszek Kolakwoski ; [traducción de Víctor Basterrica].
260 ## - PUBLICACIÓN, DISTRIBUCIÓN, ETC.
Lugar de publicación, distribución, etc. [Madrid] :
Nombre del editor, distribuidor, etc. Tecnos,
Fecha de publicación, distribución, etc. [1984]
300 ## - DESCRIPCIÓN FÍSICA
Extensión 858 p. ;
Dimensiones 22 cm.
700 1# - ENTRADA AGREGADA--NOMBRE PERSONAL
Nombre de persona Kolakowski, Leszek.
9 (RLIN) 68507
700 1# - ENTRADA AGREGADA--NOMBRE PERSONAL
Nombre de persona Basterrica, Víctor.
9 (RLIN) 26359
852 ## - LOCALIZACIÓN
Ubicación ES-MaACL
Número de control de estantería L-6909
Sublocalización o colección R.107180
Holdings
Estatus retirado Estado de pérdida Estado de daño No para préstamo Colección Biblioteca de origen Biblioteca actual Ubicación en estantería Fecha de adquisición Fuente de adquisición Total de préstamos Signatura topográfica completa Código de barras Visto por última vez Precio de reemplazo Tipo de ítem Koha
        Colección de referencia Biblioteca del Ateneo de Madrid Biblioteca del Ateneo de Madrid Depósito 2 17/01/2008     L-6909 1036891 23/02/2023 23/02/2023 Libro impreso